TV Shows by IMDb Message Board Thread Quiz Stats

 Plays Quiz Updated Jan 17, 2016

Challenge
Share
Tweet
Embed
Score 0/25 Timer 06:00
0 Plays Today
% Correct
The Flintstones
94.1%
Breaking Bad
92.1%
The Fresh Prince of Bel-Air
90.7%
Seinfeld
90%
House, M.D.
87.4%
The X-Files
86%
The Sopranos
84.4%
Game of Thrones
84.4%
The Simpsons
73.2%
Star Trek: The Next Generation
71.2%
Battlestar Galactica
67.7%
Batman (1966 - 1968)
67.6%
Lost
66.6%
% Correct
The Wire
56.1%
South Park
55.3%
Planet Earth
54.9%
Firefly
52.9%
The Walking Dead
50.7%
Dallas (1978 - 1991)
49.6%
Doctor Who
47.7%
Monty Python's Flying Circus
46.8%
Family Guy
35.5%
Twin Peaks
32.6%
Sherlock
29.4%
Adventure Time
22.5%

You're not logged in!

Compare scores with friends on all Sporcle quizzes.
OR
Log In

You Might Also Like...

Show Comments

Extras

Top Quizzes Today


Score Distribution

Your Account Isn't Verified!

In order to create a playlist on Sporcle, you need to verify the email address you used during registration. Go to your Sporcle Settings to finish the process.

Report this User

Report this user for behavior that violates our Community Guidelines.

Details: